| 000 | 00735nam a2200205 i 4500 | ||
|---|---|---|---|
| 001 | 67770 | ||
| 003 | ES-MaACL | ||
| 005 | 20230906170139.0 | ||
| 007 | t| | ||
| 008 | 040205s1906 sp ||||1| spa d | ||
| 080 | _a929(460):347.96(0:77) | ||
| 245 | 0 | 0 |
_aSemblanzas jurídicas : _bÁlvarez del Manzano, Álvarez (D. Melquiades), Andrade (D. Rafael)... / _cfirmas de Andrade, Azcárate, Benito y Endara ... [et al.]. |
| 260 |
_aMadrid : _b[s.n., _c1906] ( _fImp. de J. Lacoste) |
||
| 300 |
_a258 p. : _bil. ; _c20 cm. |
||
| 490 | 1 |
_aBiblioteca de revista jurídica ; _v10 |
|
| 650 | 4 |
_aAbogados- _zEspaña. _99565 |
|
| 830 | 1 |
_aBiblioteca de revista jurídica ; _v10 _9183420 |
|
| 852 | 4 |
_aES-MaACL _jF-8522 |
|
| 999 |
_c67770 _d67770 |
||